[Event "UK-ch blitz op"]
[Site "Solihull"]
[Date "2018.12.01"]
[Round "15"]
[White "Marchlewicz, Kamil"]
[Black "Howell, David"]
[Result "1/2-1/2"]
[WhiteElo "2087"]
[BlackElo "2679"]
[PlyCount "81"]
[EventDate "2018.12.01"]
[EventType "tourn (blitz)"]
[EventRounds "15"]
[EventCountry "ENG"]
[SourceTitle "EXT 2020"]
[Source "ChessBase"]
[SourceDate "2019.10.17"]
[SourceVersion "1"]
[SourceVersionDate "2019.10.17"]
[SourceQuality "1"]

1. e4 c6 2. g3 d5 3. Bg2 dxe4 4. Bxe4 Nf6 5. Bg2 g6 6. Nf3 Bg7 7. 0-0 0-0 8. d4 a5 9. c3 a4 10. Na3 Bg4 11. Bf4 Nbd7 12. h3 Bxf3 13. Qxf3 Nd5 14. Rfe1 Nxf4 15. Qxf4 e6 16. Nc4 Nf6 17. a3 Nd5 18. Bxd5 exd5 19. Ne5 Qd6 20. Re2 Rae8 21. Rae1 Re6 22. Kg2 Qe7 23. Qf3 Re8 24. Kf1 Bxe5 25. Rxe5 Qd6 26. Rxe6 Rxe6 27. Re3 Kg7 28. Qe2 Rxe3 29. Qxe3 Qd7 30. Kg2 f6 31. g4 Kf7 32. f4 Qe6 33. Qxe6+ Kxe6 34. Kf3 f5 35. g5 Kd6 36. Ke3 b5 37. Kd3 Kc7 38. Ke3 Kb6 39. Kd3 Kc7 40. Ke3 Kd6 41. Kd3 1/2-1/2

[Event "UK-ch blitz op"]
[Site "Solihull"]
[Date "2018.12.01"]
[Round "7"]
[White "Marchlewicz, Kamil"]
[Black "Pert, Nicholas"]
[Result "0-1"]
[WhiteElo "2087"]
[BlackElo "2563"]
[PlyCount "46"]
[EventDate "2018.12.01"]
[EventType "tourn (blitz)"]
[EventRounds "15"]
[EventCountry "ENG"]
[SourceTitle "EXT 2020"]
[Source "ChessBase"]
[SourceDate "2019.10.17"]
[SourceVersion "1"]
[SourceVersionDate "2019.10.17"]
[SourceQuality "1"]

1. e4 c5 2. g3 Nc6 3. Bg2 g6 4. d3 Bg7 5. c3 Nf6 6. Nh3 d5 7. exd5 Nxd5 8. 0-0 0-0 9. Be3 Nxe3 10. fxe3 e5 11. Na3 Be6 12. Qd2 Qe7 13. Nc2 Rad8 14. e4 c4 15. Nf2 Rd7 16. Rfd1 Rfd8 17. Ne1 Qc5 18. Kh1 h5 19. Qe2 Bh6 20. dxc4 Bxc4 21. Qf3 Qe3 22. Qf6 Rxd1 23. Rxd1 Rxd1 0-1

[Event "POL-chT3 Kujawsko Pomorskie 1011"]
[Site "Poland"]
[Date "2010.11.07"]
[Round "1.10"]
[White "Marchlewicz, Kamil"]
[Black "Gajek, Radoslaw"]
[Result "1-0"]
[WhiteElo "2030"]
[BlackElo "1923"]
[PlyCount "89"]
[EventDate "2010.11.07"]
[EventType "team-tourn"]
[EventRounds "11"]
[EventCountry "POL"]
[SourceTitle "EXT 2019"]
[Source "ChessBase"]
[SourceDate "2018.10.10"]
[SourceVersion "1"]
[SourceVersionDate "2018.10.10"]
[SourceQuality "1"]

1. e4 c5 2. g3 Nc6 3. Bg2 Nf6 4. d3 d5 5. Nc3 d4 6. Nce2 e5 7. f4 Bd6 8. Nf3 0-0 9. 0-0 b5 10. a4 Ba6 11. fxe5 Nxe5 12. Bg5 h6 13. Bxf6 Qxf6 14. Nfxd4 Qg5 15. Nxb5 Bxb5 16. axb5 Ng4 17. Qc1 Qe3+ 18. Qxe3 Nxe3 19. Rfc1 Be5 20. Ra2 Rab8 21. b3 Rxb5 22. Rxa7 Rd8 23. Ra2 g6 24. Bf3 Rc8 25. Kf2 Bd4 26. Ke1 f5 27. Kd2 fxe4 28. Bxe4 Ng4 29. Nxd4 cxd4 30. Ra4 Rd8 31. h3 Ne5 32. Rca1 Kg7 33. Ra5 Rxa5 34. Rxa5 Nf7 35. Rd5 Rxd5 36. Bxd5 Nd6 37. c4 dxc3+ 38. Kxc3 Kf6 39. Kb4 Ke5 40. Kc5 Nf5 41. b4 Nd4 42. Be4 Nb3+ 43. Kb6 g5 44. b5 Kd6 45. Ka7 1-0

[Event "Warsaw AIG Life rapid 9th"]
[Site "Warsaw"]
[Date "2009.12.20"]
[Round "9"]
[White "Pileckis, Emilis"]
[Black "Marchlewicz, Kamil"]
[Result "1-0"]
[WhiteElo "2438"]
[BlackElo "2030"]
[PlyCount "65"]
[EventDate "2009.12.19"]
[EventType "swiss (rapid)"]
[EventRounds "13"]
[EventCountry "POL"]
[SourceTitle "CBM 133 Extra"]
[Source "ChessBase"]
[SourceDate "2010.01.05"]
[SourceVersion "1"]
[SourceVersionDate "2010.01.05"]
[SourceQuality "1"]

1. Nf3 d5 2. d4 Nf6 3. c4 c6 4. Nc3 dxc4 5. a4 Bf5 6. Ne5 Nbd7 7. Nxc4 Qc7 8. Qd2 g6 9. Qf4 Qxf4 10. Bxf4 Bg7 11. 0-0-0 Nd5 12. Bg3 Nxc3 13. bxc3 c5 14. e3 0-0 15. Kb2 Rac8 16. d5 Nb6 17. Nxb6 axb6 18. Bb5 Rfd8 19. f3 Bd7 20. e4 e6 21. Bxd7 Rxd7 22. dxe6 Rxd1 23. exf7+ Kxf7 24. Rxd1 Ke7 25. Bh4+ Ke6 26. Rd8 Rc7 27. Bg3 Rc6 28. Rb8 h5 29. Kb3 Bf6 30. Rxb7 Be5 31. f4 c4+ 32. Kb4 Bd6+ 33. Kb5 1-0

[Event "POL-chT3 Kujawsko Pomorskie 0910"]
[Site "Poland"]
[Date "2009.11.22"]
[Round "2.17"]
[White "Knoff, Mariusz"]
[Black "Marchlewicz, Kamil"]
[Result "1-0"]
[WhiteElo "1989"]
[BlackElo "2030"]
[PlyCount "138"]
[EventDate "2009.11.08"]
[EventType "team-tourn"]
[EventRounds "11"]
[EventCountry "POL"]
[SourceTitle "EXT 2020"]
[Source "ChessBase"]
[SourceDate "2019.10.17"]
[SourceVersion "1"]
[SourceVersionDate "2019.10.17"]
[SourceQuality "1"]

1. d4 d5 2. Nf3 Nf6 3. e3 c6 4. Bd3 Bg4 5. c4 e6 6. Nbd2 Nbd7 7. 0-0 Be7 8. Qc2 0-0 9. Ne5 Bh5 10. f4 Bg6 11. Nxg6 hxg6 12. Nf3 Rc8 13. c5 a5 14. a3 Ra8 15. Bd2 a4 16. Bb4 Qc7 17. Ng5 Ng4 18. Qe2 Bxg5 19. Qxg4 Bh6 20. h4 f5 21. Qxg6 Nf6 22. Qg3 Qe7 23. Qh3 g6 24. Be2 Kf7 25. g4 Bg7 26. g5 Nh5 27. Rfb1 Rh8 28. Qh2 Qc7 29. Ra2 b5 30. cxb6 Qxb6 31. b3 Bf8 32. Bxf8 Rhxf8 33. b4 Rfc8 34. Rc2 Rc7 35. Rbc1 Rac8 36. Rc5 Ng7 37. Kg2 Ke7 38. Ra5 Ra7 39. Rcc5 Rcc7 40. Kf3 Kd6 41. Bd1 Rxa5 42. Rxa5 Ra7 43. Rxa7 Qxa7 44. Qc2 Qa6 45. Kf2 Ne8 46. Qxa4 Qd3 47. Be2 Qe4 48. b5 cxb5 49. Qxb5 Nc7 50. Qc5+ Kd7 51. Bf3 Qb1 52. h5 gxh5 53. g6 Ne8 54. a4 Nf6 55. Qb5+ Qxb5 56. axb5 Ke7 57. Kg3 Nd7 58. Kh4 Kf6 59. Kxh5 Kg7 60. Kg5 Nb6 61. Be2 Nc8 62. Bd3 Nb6 63. Bxf5 exf5 64. Kxf5 Nc4 65. Kg5 Nb6 66. f5 Nd7 67. Kf4 Kf6 68. e4 dxe4 69. Kxe4 Nb6 1-0

[Event "Bydgoszcz op"]
[Site "Bydgoszcz"]
[Date "2009.10.11"]
[Round "4"]
[White "Marchlewicz, Kamil"]
[Black "Bokiej, Przemyslaw"]
[Result "0-1"]
[WhiteElo "2039"]
[BlackElo "2075"]
[PlyCount "74"]
[EventDate "2009.10.09"]
[EventType "swiss"]
[EventRounds "5"]
[EventCountry "POL"]
[SourceTitle "CBM 132 Extra"]
[Source "ChessBase"]
[SourceDate "2009.11.03"]
[SourceVersion "1"]
[SourceVersionDate "2009.11.03"]
[SourceQuality "1"]

1. Nc3 d5 2. e4 e6 3. g3 Nf6 4. Bg2 c5 5. d3 Be7 6. Nge2 Nc6 7. 0-0 0-0 8. f4 Rb8 9. h3 b5 10. g4 b4 11. Nb1 dxe4 12. Ng3 Nd4 13. dxe4 Ba6 14. Re1 e5 15. fxe5 Nd7 16. Bf4 Ne6 17. Qf3 g5 18. Be3 Nxe5 19. Qf2 Ng6 20. Nd2 Ngf4 21. Nf3 Bb7 22. Rad1 Qc7 23. Bxf4 Nxf4 24. Nf5 Rbd8 25. Rxd8 Rxd8 26. h4 gxh4 27. N3xh4 Bf6 28. Nf3 Nxg2 29. Kxg2 Qf4 30. Ng3 Qxg4 31. Qxc5 Rc8 32. Qf2 h5 33. Kh1 Qh3+ 34. Nh2 Be5 35. Rg1 Kf8 36. Qe3 Rxc2 37. Qh6+ Ke8 0-1

[Event "Polanica Zdroj op-B 44th"]
[Site "Polanica Zdroj"]
[Date "2008.08.19"]
[Round "1"]
[White "Bednarczyk, Damian"]
[Black "Marchlewicz, Kamil"]
[Result "1-0"]
[WhiteElo "1836"]
[BlackElo "2045"]
[PlyCount "59"]
[EventDate "2008.08.19"]
[EventType "swiss"]
[EventRounds "10"]
[EventCountry "POL"]
[SourceTitle "CBM 126 Extra"]
[Source "ChessBase"]
[SourceDate "2008.11.05"]
[SourceVersion "1"]
[SourceVersionDate "2008.11.05"]
[SourceQuality "1"]

1. d4 d5 2. c4 c6 3. Nc3 Nf6 4. Nf3 a6 5. e3 Nbd7 6. Qc2 e6 7. Bd3 dxc4 8. Bxc4 b5 9. Bb3 c5 10. dxc5 Bxc5 11. 0-0 Bb7 12. Rd1 Qb6 13. Ng5 Rc8 14. Qe2 Ne5 15. a4 h6 16. Nf3 Nxf3+ 17. gxf3 Bc6 18. axb5 axb5 19. e4 0-0 20. Be3 Rfd8 21. Rac1 Bxe3 22. Qxe3 Qb7 23. Ne2 e5 24. Rxd8+ Rxd8 25. Qc5 Bxe4 26. fxe4 Qxe4 27. Ng3 Qh4 28. Qe7 Rd7 29. Rc8+ Kh7 30. Bc2+ 1-0

[Event "Ostroda op"]
[Site "Ostroda"]
[Date "2008.08.06"]
[Round "4"]
[White "Marchlewicz, Kamil"]
[Black "Szymczak, Zbigniew"]
[Result "1/2-1/2"]
[WhiteElo "2045"]
[BlackElo "2295"]
[PlyCount "89"]
[EventDate "2008.08.04"]
[EventType "swiss"]
[EventRounds "9"]
[EventCountry "POL"]
[SourceTitle "CBM 126 Extra"]
[Source "ChessBase"]
[SourceDate "2008.11.05"]
[SourceVersion "1"]
[SourceVersionDate "2008.11.05"]
[SourceQuality "1"]

1. Nf3 g6 2. g3 Bg7 3. Bg2 c5 4. d3 Nc6 5. 0-0 d5 6. c4 Nf6 7. Nbd2 0-0 8. Re1 e5 9. e4 d4 10. a3 a5 11. Nb3 b6 12. h3 Ne8 13. Nh4 Ra7 14. Bd2 Nd6 15. Nc1 Be6 16. Ne2 Qc8 17. Qa4 Bd7 18. Qb3 Rb7 19. Kh2 b5 20. cxb5 Rxb5 21. Qc2 Qb7 22. Bc1 Be6 23. f4 Bb3 24. Qd2 Bh6 25. g4 exf4 26. e5 Ne8 27. Nxf4 Qc7 28. Qe2 Bg7 29. Nf3 f6 30. exf6 Nxf6 31. Kh1 Re8 32. Qf2 Rxe1+ 33. Qxe1 Qd7 34. Bd2 a4 35. Rc1 Bf8 36. g5 Nd5 37. Ne5 Nxe5 38. Qxe5 Nxf4 39. Qxf4 Bd5 40. Bxd5+ Qxd5+ 41. Kg1 Bd6 42. Qf6 Rb8 43. Re1 Rf8 44. Qe6+ Qxe6 45. Rxe6 1/2-1/2

[Event "Ostroda op"]
[Site "Ostroda"]
[Date "2008.08.05"]
[Round "3"]
[White "Polok, Kacper"]
[Black "Marchlewicz, Kamil"]
[Result "0-1"]
[WhiteElo "1903"]
[BlackElo "2045"]
[PlyCount "74"]
[EventDate "2008.08.04"]
[EventType "swiss"]
[EventRounds "9"]
[EventCountry "POL"]
[SourceTitle "CBM 126 Extra"]
[Source "ChessBase"]
[SourceDate "2008.11.05"]
[SourceVersion "1"]
[SourceVersionDate "2008.11.05"]
[SourceQuality "1"]

1. e4 e5 2. Nf3 Nc6 3. Bb5 a6 4. Ba4 Nf6 5. Qe2 b5 6. Bb3 Bc5 7. c3 0-0 8. d3 d6 9. Nbd2 Bb6 10. Bc2 Re8 11. h3 Ne7 12. Nh4 d5 13. Nf1 Be6 14. Ng3 dxe4 15. dxe4 Ng6 16. Nxg6 hxg6 17. b3 c5 18. Bg5 c4 19. 0-0 Qc7 20. b4 a5 21. a3 Nh7 22. Be3 Bxe3 23. Qxe3 Qe7 24. Kh2 g5 25. Nf5 Qf6 26. Rfd1 Bxf5 27. exf5 g4 28. hxg4 Qh4+ 29. Kg1 Qxg4 30. Be4 Ra6 31. Qf3 Qh4 32. Bc6 Ng5 33. Qd5 Rc8 34. Bxb5 Rh6 35. Kf1 Ne4 36. g3 Qh1+ 37. Ke2 Nxc3+ 0-1

[Event "POL-ch U18"]
[Site "Leba"]
[Date "2008.04.05"]
[Round "10"]
[White "Boratynski, Piotr"]
[Black "Marchlewicz, Kamil"]
[Result "1/2-1/2"]
[WhiteElo "1888"]
[BlackElo "2008"]
[PlyCount "68"]
[EventDate "2008.03.29"]
[EventType "swiss"]
[EventRounds "11"]
[EventCountry "POL"]
[SourceTitle "CBM 123 Extra"]
[Source "ChessBase"]
[SourceDate "2008.05.06"]
[SourceVersion "1"]
[SourceVersionDate "2008.05.06"]
[SourceQuality "1"]

1. c4 e6 2. g3 d5 3. cxd5 exd5 4. d4 Nf6 5. Bg2 Bd6 6. Nc3 c6 7. Nf3 Bf5 8. Nh4 Bg6 9. 0-0 0-0 10. Nxg6 fxg6 11. e4 dxe4 12. Nxe4 Nxe4 13. Bxe4 Qf6 14. Bg2 Na6 15. d5 c5 16. f4 Rae8 17. Bh3 Nc7 18. Rb1 Re4 19. Bg2 Rd4 20. Bd2 Nxd5 21. Qc1 Rd3 22. Kh1 Qd4 23. Be1 Re8 24. Bf2 Ne3 25. Bxe3 Rexe3 26. Bxb7 Rd2 27. Re1 h6 28. Rxe3 Qxe3 29. Bg2 Qf2 30. Qf1 Rxb2 31. Qxf2 Rxf2 32. Bd5+ Kh7 33. Rb7 Rd2 34. Bf7 Rd4 1/2-1/2

[Event "POL-chT4 Kujawsko Pomorskie 0708"]
[Site "Poland"]
[Date "2008.02.24"]
[Round "8.25"]
[White "Marchlewicz, Kamil"]
[Black "Tadych, Anika"]
[Result "1-0"]
[WhiteElo "2016"]
[BlackElo "1916"]
[PlyCount "83"]
[EventDate "2007.11.04"]
[EventType "team-tourn"]
[EventRounds "11"]
[EventCountry "POL"]
[SourceTitle "EXT 2019"]
[Source "ChessBase"]
[SourceDate "2018.10.10"]
[SourceVersion "1"]
[SourceVersionDate "2018.10.10"]
[SourceQuality "1"]

1. e4 e5 2. Nf3 Nc6 3. Bb5 Qf6 4. c3 Bc5 5. 0-0 Nge7 6. Re1 a6 7. d4 axb5 8. dxc5 Qe6 9. Na3 b4 10. Nb5 Kd8 11. Ng5 Qg6 12. cxb4 h6 13. Nf3 Qe6 14. Bd2 Rxa2 15. Bc3 Ng6 16. Rxa2 Qxa2 17. Qd5 Qxd5 18. exd5 f6 19. dxc6 bxc6 20. Na3 d5 21. cxd6 cxd6 22. b5 c5 23. Rd1 Ke7 24. Nc4 Be6 25. Na5 Nf4 26. Nc6+ Kd7 27. Nfxe5+ fxe5 28. Bxe5 Nd5 29. Bxg7 Rh7 30. Bc3 Nxc3 31. bxc3 Kc7 32. Re1 Bd7 33. Re7 Rxe7 34. Nxe7 Be6 35. f4 Kb6 36. f5 Bf7 37. g4 Kxb5 38. h4 Kc4 39. g5 hxg5 40. hxg5 Kxc3 41. g6 Be8 42. f6 1-0

[Event "POL-chT4 Kujawsko Pomorskie 0708"]
[Site "Poland"]
[Date "2008.01.27"]
[Round "6.31"]
[White "Marchlewicz, Kamil"]
[Black "Sankiewicz, Grzegorz"]
[Result "1/2-1/2"]
[WhiteElo "2016"]
[BlackElo "2024"]
[PlyCount "80"]
[EventDate "2007.11.04"]
[EventType "team-tourn"]
[EventRounds "11"]
[EventCountry "POL"]
[SourceTitle "EXT 2019"]
[Source "ChessBase"]
[SourceDate "2018.10.10"]
[SourceVersion "1"]
[SourceVersionDate "2018.10.10"]
[SourceQuality "1"]

1. e4 c5 2. a3 b6 3. b4 e6 4. Bb2 Na6 5. b5 Nc7 6. c4 Bb7 7. Nc3 d5 8. d3 Nf6 9. e5 Nd7 10. f4 d4 11. Ne4 Bxe4 12. dxe4 g5 13. Qg4 Be7 14. Nf3 h5 15. Qg3 g4 16. 0-0-0 gxf3 17. gxf3 Bf8 18. Kb1 Qe7 19. h4 0-0-0 20. Bd3 Bh6 21. Rhg1 f6 22. exf6 Qxf6 23. Bc1 Rdf8 24. e5 Qf7 25. Bg6 Bxf4 26. Qf2 Qe7 27. Qe2 Bxc1 28. Rxc1 Qxh4 29. Be4 Qf4 30. Rg7 Qe3 31. Qc2 Qxa3 32. Bc6 Nxe5 33. Bb7+ Kd8 34. Be4 Nxf3 35. Bc6 Ne5 36. Qh2 Qe3 37. Qh4+ Kc8 38. Rxc7+ Kxc7 39. Qe7+ Kc8 40. Qxe6+ Kc7 1/2-1/2

[Event "POL-chT4 Kujawsko Pomorskie 0708"]
[Site "Poland"]
[Date "2007.11.18"]
[Round "2.25"]
[White "Lewandowski, Marek"]
[Black "Marchlewicz, Kamil"]
[Result "1/2-1/2"]
[WhiteElo "1930"]
[BlackElo "2016"]
[PlyCount "37"]
[EventDate "2007.11.04"]
[EventType "team-tourn"]
[EventRounds "11"]
[EventCountry "POL"]
[SourceTitle "EXT 2019"]
[Source "ChessBase"]
[SourceDate "2018.10.10"]
[SourceVersion "1"]
[SourceVersionDate "2018.10.10"]
[SourceQuality "1"]

1. e4 d6 2. d4 g6 3. f4 Bg7 4. Nf3 c5 5. dxc5 Qa5+ 6. c3 Qxc5 7. Bd3 e6 8. Qe2 Ne7 9. Be3 Qc7 10. 0-0 Nbc6 11. Na3 a6 12. Nc4 b5 13. Nb6 Rb8 14. Nxc8 Qxc8 15. a4 Qb7 16. a5 0-0 17. f5 exf5 18. exf5 Nd5 19. Bd4 1/2-1/2

[Event "POL-chT4 Kujawsko Pomorskie 0708"]
[Site "Poland"]
[Date "2007.11.04"]
[Round "1.13"]
[White "Marchlewicz, Kamil"]
[Black "Wozniak, Marcin"]
[Result "0-1"]
[WhiteElo "2016"]
[BlackElo "2150"]
[PlyCount "91"]
[EventDate "2007.11.04"]
[EventType "team-tourn"]
[EventRounds "11"]
[EventCountry "POL"]
[SourceTitle "EXT 2019"]
[Source "ChessBase"]
[SourceDate "2018.10.10"]
[SourceVersion "1"]
[SourceVersionDate "2018.10.10"]
[SourceQuality "1"]

1. d4 Nf6 2. c4 e6 3. Nf3 Bb4+ 4. Bd2 Qe7 5. a3 Bxd2+ 6. Nbxd2 d6 7. e4 e5 8. d5 0-0 9. Be2 a5 10. 0-0 Na6 11. Qc2 Nh5 12. g3 f5 13. Nh4 Nf4 14. Qd1 fxe4 15. Nxe4 Bh3 16. Re1 g5 17. Nf3 Nxe2+ 18. Qxe2 Bg4 19. Ned2 Rxf3 20. Nxf3 Rf8 21. Qd2 Bxf3 22. b4 Qf6 23. h3 e4 24. Rac1 Qf5 25. g4 Qg6 26. Kh2 Qh6 27. Rg1 Qf6 28. Rg3 Qe5 29. Re1 h6 30. Kg1 Rf4 31. Rc1 Rf8 32. Re1 Kg7 33. Kf1 Qf6 34. Re3 Rh8 35. Qe1 Rf8 36. Qd2 Qa1+ 37. Re1 Qe5 38. Re3 Rf7 39. Re1 axb4 40. axb4 c5 41. dxc6 bxc6 42. Kg1 Nc7 43. Rb1 Ne6 44. Re1 Nd4 45. Qb2 Rb7 46. Kf1 0-1

[Event "Chojnice op"]
[Site "Chojnice"]
[Date "2007.07.19"]
[Round "8"]
[White "Marchlewicz, Kamil"]
[Black "Zembrzuska, Monika"]
[Result "1-0"]
[WhiteElo "2007"]
[BlackElo "2062"]
[PlyCount "47"]
[EventDate "2007.07.14"]
[EventType "swiss"]
[EventRounds "9"]
[EventCountry "POL"]
[SourceTitle "CBM 119 Extra"]
[Source "ChessBase"]
[SourceDate "2007.09.04"]
[SourceVersion "1"]
[SourceVersionDate "2007.09.04"]
[SourceQuality "1"]

1. c4 e5 2. Nc3 Nc6 3. g3 f5 4. e3 Nf6 5. Bg2 Bb4 6. Nge2 0-0 7. a3 Bxc3 8. Nxc3 d6 9. 0-0 Be6 10. b3 d5 11. d3 e4 12. dxe4 dxe4 13. Qc2 Ne5 14. Rd1 Qe8 15. Nb5 Qf7 16. Bb2 Nd3 17. Bf1 Nxb2 18. Qxb2 Rad8 19. Be2 Qe7 20. Qe5 Rc8 21. Nxa7 Rce8 22. Nb5 Rf7 23. Rd2 Qf8 24. Nxc7 1-0

[Event "Chojnice op"]
[Site "Chojnice"]
[Date "2007.07.17"]
[Round "5"]
[White "Marchlewicz, Kamil"]
[Black "Bursa, Renata"]
[Result "1/2-1/2"]
[WhiteElo "2007"]
[BlackElo "2118"]
[PlyCount "69"]
[EventDate "2007.07.14"]
[EventType "swiss"]
[EventRounds "9"]
[EventCountry "POL"]
[SourceTitle "CBM 119 Extra"]
[Source "ChessBase"]
[SourceDate "2007.09.04"]
[SourceVersion "1"]
[SourceVersionDate "2007.09.04"]
[SourceQuality "1"]

1. e4 Nf6 2. e5 Nd5 3. d4 d6 4. c4 Nb6 5. f4 dxe5 6. fxe5 c5 7. d5 e6 8. Nc3 exd5 9. cxd5 c4 10. Nf3 Bg4 11. Qd4 Bxf3 12. gxf3 Nc6 13. Qe4 Nb4 14. a3 N4xd5 15. Nxd5 Qxd5 16. Qxd5 Nxd5 17. Bxc4 0-0-0 18. Ke2 f6 19. Rd1 Nc7 20. Bf4 Bc5 21. e6 Rhe8 22. Bxc7 Kxc7 23. b4 Bd6 24. h3 a6 25. Rac1 Bf4 26. Rc2 Rxd1 27. Kxd1 Rd8+ 28. Ke2 Kd6 29. Bb3 g6 30. a4 f5 31. Rc4 Bg5 32. f4 Bf6 33. Ke3 Re8 34. Rc2 Re7 35. Rd2+ 1/2-1/2

[Event "Chojnice op"]
[Site "Chojnice"]
[Date "2007.07.14"]
[Round "1"]
[White "Marchlewicz, Kamil"]
[Black "Kaliszewski, Tomasz"]
[Result "0-1"]
[WhiteElo "2007"]
[BlackElo "2158"]
[PlyCount "77"]
[EventDate "2007.07.14"]
[EventType "swiss"]
[EventRounds "9"]
[EventCountry "POL"]
[SourceTitle "CBM 119 Extra"]
[Source "ChessBase"]
[SourceDate "2007.09.04"]
[SourceVersion "1"]
[SourceVersionDate "2007.09.04"]
[SourceQuality "1"]

1. e4 Nc6 2. Nf3 d6 3. Nc3 Bg4 4. Be2 Nf6 5. d4 e6 6. Bg5 Be7 7. h3 Bxf3 8. gxf3 d5 9. e5 Nd7 10. Be3 Ndxe5 11. dxe5 d4 12. Bb5 dxc3 13. Bxc6+ bxc6 14. b3 Qd5 15. Qxd5 cxd5 16. Bd4 f6 17. Bxc3 0-0 18. f4 fxe5 19. fxe5 Bc5 20. 0-0 Rf3 21. Be1 Rxh3 22. Kg2 Rh6 23. f4 Rf8 24. Bg3 Rh5 25. c3 Rhf5 26. Rae1 h6 27. b4 Be7 28. b5 Bc5 29. Rh1 Kf7 30. Kf3 Ke8 31. Kg4 Bf2 32. Ref1 h5+ 33. Rxh5 Rxh5 34. Bxf2 Rhf5 35. Bxa7 g5 36. Be3 gxf4 37. Bxf4 Kd7 38. a4 Rg8+ 39. Kf3 0-1